000 00368nam a22001457a 4500
008 230228b |||||||| |||| 00| 0 eng d
020 _a978-0-571-25824-6
082 _a813.54
100 _aKazuo Ishiguro
245 _aThe Remains of the Day
260 _bFaber and Faber,
_c2010
300 _a258 p.
_c20 cm
942 _2ddc
999 _c9354
_d9355